000 00591nam a22001937a 4500
005 20250117102641.0
010 _aENG-143390
020 _c695.00
_a9788119670031
035 _aEN-126922
037 _bDBAD
082 _a363.325
100 _aMukarji, Apratim
_976696
245 0 0 _aReturn Of The Taliban/
_cby Apratim Mukarji
250 _a1
260 _aNew Delhi
_bVitasta Publishing Pvt Ltd
_c2024
270 _a4348/4C, Ansari Road, Darya Ganj
_bNew Delhi
_e110002
_minfo@vitastapublishing.com
300 _alii,292p.
_c22cm(Hb)
942 _2ddc
_cEN
_mMUK
_h363.325
999 _c208475
_d208475